| 000 | 00533nam a22001817a 4500 | ||
|---|---|---|---|
| 003 | CEME | ||
| 005 | 20210628203712.0 | ||
| 008 | 210126b xxu||||| |||| 00| 0 eng d | ||
| 020 | _a0-8247-0180-1 | ||
| 040 | _c. | ||
| 082 | _a621.31042 DAW | ||
| 100 |
_aDawson, Darren. M:Hu, Jun:Burg, Timothy. C _966935 |
||
| 245 | _aNonlinear control of electric machinery | ||
| 260 |
_aNEW YORK _bMARCEL DEKKER _c2003 |
||
| 300 | _aXIX,437P | ||
| 650 |
_aELECTRIC MACHINERY.NONLINEAR CONTROL OF ELECTRIC MACHINERY _966936 |
||
| 942 |
_cBK _2ddc |
||
| 999 |
_c574793 _d574793 |
||